[Event "Titled Tuesday intern op 15th Sept"]
[Site "Chess.com INT"]
[Date "2020.09.15"]
[Round "1"]
[White "Poeta, Caio Medeiros"]
[Black "Bortnyk, Olexandr"]
[Result "0-1"]
[WhiteElo "2088"]
[BlackElo "2598"]
[PlyCount "48"]
[EventDate "2020.09.15"]
[EventType "swiss (blitz)"]
[EventRounds "10"]
[EventCountry "USA"]
[SourceTitle "CBM 198 Extra"]
[Source "ChessBase"]
[SourceDate "2020.11.30"]
[SourceVersion "1"]
[SourceVersionDate "2020.11.30"]
[SourceQuality "1"]

1. d4 Nf6 2. c4 b6 3. Nc3 Bb7 4. Nf3 g6 5. e3 Bg7 6. Bd3 0-0 7. 0-0 e6 8. b3 d5 9. Bb2 Re8 10. Rc1 a6 11. Ne5 Nbd7 12. f4 c5 13. Ne2 dxc4 14. Bxc4 cxd4 15. Bxd4 b5 16. Bd3 Nxe5 17. Bxe5 Ng4 18. Bxg7 Nxe3 19. Qd2 Nxf1 20. Qc3 Rc8 21. Qb2 Qxd3 22. Bh6 e5 23. Rxc8 Rxc8 24. Qxe5 Qe3+ 0-1

[Event "Titled Tuesday intern op 15th Sept"]
[Site "Chess.com INT"]
[Date "2020.09.15"]
[Round "5"]
[White "Poeta, Caio Medeiros"]
[Black "Nita, Lucian"]
[Result "0-1"]
[WhiteElo "2088"]
[BlackElo "2183"]
[PlyCount "86"]
[EventDate "2020.09.15"]
[EventType "swiss (blitz)"]
[EventRounds "10"]
[EventCountry "USA"]
[SourceTitle "CBM 198 Extra"]
[Source "ChessBase"]
[SourceDate "2020.11.30"]
[SourceVersion "1"]
[SourceVersionDate "2020.11.30"]
[SourceQuality "1"]

1. d4 d6 2. c4 e5 3. Nf3 Nd7 4. Nc3 Ngf6 5. g3 Be7 6. Bg2 0-0 7. 0-0 c6 8. e4 Qe8 9. Re1 Bd8 10. Qc2 Ba5 11. Bd2 a6 12. Rad1 b5 13. dxe5 dxe5 14. cxb5 axb5 15. a3 Bb6 16. Be3 Bxe3 17. Rxe3 Qe7 18. Red3 Nc5 19. R3d2 Be6 20. Re1 Bb3 21. Qc1 Bc4 22. Nh4 Nb3 23. Qc2 Nxd2 24. Qxd2 Qd7 25. Qg5 h6 26. Qe3 Qd3 27. Qc1 Bb3 28. Nf5 Kh7 29. Bf1 Qc2 30. Qe3 Rad8 31. Ne7 Qd2 32. Nxc6 Qxe3 33. Rxe3 Rd2 34. Re2 Rxe2 35. Bxe2 Bc2 36. f3 Nd7 37. Bxb5 Nc5 38. b4 Nd3 39. Bxd3 Bxd3 40. b5 Ra8 41. a4 f6 42. a5 Kg8 43. a6 Bxb5 0-1